| 000 | 00361nam a2200157Ia 4500 | ||
|---|---|---|---|
| 008 | 230917s9999||||xx |||||||||||||| ||und|| | ||
| 040 |
_e85509 _aMAIN |
||
| 041 | _aEnglish | ||
| 082 | _a658 D131M | ||
| 100 | _aDaft, Richard L | ||
| 245 | 0 | _aManagement | |
| 250 | _a5th ed. | ||
| 260 |
_aAustralia _bThomson _c2002 |
||
| 300 | _axxxiv, 781 p. | ||
| 942 | _cBK | ||
| 999 |
_c110340 _d110340 |
||